Catalogue of paintings (Record no. 5122)

MARC details
000 -CABECERA
campo de control de longitud fija 01205nam a2200301 a 4500
001 - NÚMERO DE CONTROL
campo de control BRCA_5428
005 - FECHA Y HORA DE LA ÚLTIMA TRANSACCIÓN
campo de control 20190320205056.0
008 - DATOS DE LONGITUD FIJA--INFORMACIÓN GENERAL
campo de control de longitud fija 810917s1932----nyuac####c---#000-0#eng-#
041 ## - CÓDIGO DE LENGUA
Código de lengua del texto/banda sonora o título independiente eng
044 ## - CÓDIGO DEL PAÍS DE LA ENTIDAD EDITORA/PRODUCTORA
Código MARC del país nyu
050 #4 - SIGNATURA TOPOGRÁFICA DE LA BIBLIOTECA DEL CONGRESO
Número de clasificación ND190
Número de documento/Ítem .T73 1932
100 1# - ENTRADA PRINCIPAL--NOMBRE DE PERSONA
Nombre de persona Trapier, Elizabeth du Gué
9 (RLIN) 13864
245 10 - MENCIÓN DE TÍTULO
Título Catalogue of paintings
Resto del título (19th, 20th centuries) in the collection of the Hispanic Society of America
Mención de responsabilidad, etc. by Elizabeth du Gué Trapier.
260 ## - PUBLICACIÓN, DISTRIBUCIÓN, ETC.
Lugar de publicación, distribución, etc. Nueva York
Nombre del editor, distribuidor, etc. Order of the Trustees
Fecha de publicación, distribución, etc. 1932
300 ## - DESCRIPCIÓN FÍSICA
Extensión 2 v.
Otras características físicas il., retratos, láminas
Dimensiones 19 cm.
440 #0 - MENCIÓN DE SERIE/PUNTO DE ACCESO ADICIONAL--TÍTULO
Título Hispanic notes & monographs: essays, studies, and brief biographies issued by the Hispanic Society of America
9 (RLIN) 7657
500 ## - NOTA GENERAL
Nota general Incluye índice de láminas e índice alfabético
500 ## - NOTA GENERAL
Nota general En dos volúmenes con 342 ilistraciones
500 ## - NOTA GENERAL
Nota general Ver también M28 para Siglo XIV y XV; y M24 para Siglo XVI, XVII y XVIII
500 ## - NOTA GENERAL
Nota general M28A
504 ## - NOTA DE BIBLIOGRAFÍA, ETC.
Nota de bibliografía, etc. Bibliografía: p. 915-923
650 14 - PUNTO DE ACCESO ADICIONAL DE MATERIA--TÉRMINO DE MATERIA
Término de materia o nombre geográfico como elemento de entrada Pinturas
Subdivisión de forma Catálogos
Subdivisión geográfica Nueva York
9 (RLIN) 13820
650 14 - PUNTO DE ACCESO ADICIONAL DE MATERIA--TÉRMINO DE MATERIA
Término de materia o nombre geográfico como elemento de entrada Pinturas
Subdivisión general Historia
Subdivisión geográfica España
9 (RLIN) 13821
650 14 - PUNTO DE ACCESO ADICIONAL DE MATERIA--TÉRMINO DE MATERIA
Término de materia o nombre geográfico como elemento de entrada Galerías y museos
Subdivisión geográfica Estados Unidos
9 (RLIN) 7437
710 2# - PUNTO DE ACCESO ADICIONAL--NOMBRE DE ENTIDAD CORPORATIVA
Nombre de entidad corporativa o nombre de jurisdicción como elemento de entrada The Hispanic Society of America
9 (RLIN) 10966
902 ## - CATALOGADOR
Iniciales GFM
942 ## - ELEMENTOS DE PUNTO DE ACCESO ADICIONAL (KOHA)
Fuente del sistema de clasificación o colocación Library of Congress Classification
Tipo de ítem Koha Libros
Holdings
Estado de retiro Estado de pérdida Estado dañado No para préstamo Localización permanente Ubicación/localización actual Fecha de adquisición Número de inventario Total de préstamos Signatura topográfica completa Código de barras Fecha visto por última vez Precio válido a partir de Tipo de ítem Koha
El ejemplar forma parte de la colección y puede ser consultado según las políticas vigentes.       Biblioteca del Museo Franz Mayer (Rogerio Casas-Alatriste) Biblioteca del Museo Franz Mayer (Rogerio Casas-Alatriste) 13/12/2010 M28A   ND190 .T73 1932 (M28A) 5863 22/03/2019 22/03/2019 Libros